| 000 | 00538nam a2200121 4500 | ||
|---|---|---|---|
| 999 |
_c11229 _d11229 |
||
| 008 | 181018b ||||| |||| 00| 0 eng d | ||
| 082 | _aDPer 959.9048 P53p May 2013- April 2014 v. 22-23 | ||
| 245 | _aPresident Benigno S. Aquino III's answers at the non-ceremonial pre-labor day dialogue with the labor leaders. | ||
| 260 |
_aSan Miguel, Manila : _bOP-Bureau of Communications Services, _c©May 2013-©Apr 2014. |
||
| 300 |
_av23 n2, pages 70-88; _c23 cm. |
||
| 650 | 0 |
_932314 _aPresidents _xLabor negotiation _zPhilippines. |
|
| 942 |
_2ddc _cPER |
||